000 00297nam a2200133Ia 4500
100 _aBalagurusamy/ E.
942 _cBK
654 _aProgramming
245 _aComputer Programming I Unix and C
260 _bTata Mc Graw hill
_c2002
082 _a5.133
_bBAL
300 _a330
546 _aENGLISH
999 _c31617
_d31617